000 00691nam a2200241 i 4500
001 bgj
100 1 _aARVATOV, Boris.
245 1 0 _aKunst und Produktion /
_cBoris Arvatov ; Herausgegeben und übersetz von Hans Günther und Karla Hielscher.
260 _aMünchen :
_bCarl Hanser Verlag,
_cc. 1972.
300 _a137 S. ;
_c19 cm.
490 1 _aReihe Hanser ;
_v87
650 9 _aKunstsoziologie
650 9 _aProletkult
700 1 _aGÜNTHER, Hanz.
_eHrsg.
700 1 _aHIELSCHER, Karla.
_eHrsg.
830 _aReihe Hanser ;
020 _a3446115579
040 _cBPK
041 0 _ager
920 _a3-446-11557-9
942 _cKS
008 s gw f |000 0 ger
999 _c50223
_d50223
856 _uhttp://koha.tu.koszalin.pl/cgi-bin/koha/opac-detail.pl?biblionumber=50223
_yKatalog online BPK